000 00281nam a2200109Ia 4500
008 201216s9999 xx 000 0 und d
100 _aClayton, B. R. and Bishop, R. E. D.
245 0 _aMechanics of Marine Vehicles
260 _aLondon
_bE & F. N. Spon
300 _a597
942 _cBK
999 _c6086
_d6086